| 000 | 00444cam a2200169ua 4500 | ||
|---|---|---|---|
| 020 | _cRs 18.00 | ||
| 041 |
_aeng _h |
||
| 082 |
_a822 _bMAR/CH |
||
| 100 | _aMarlow, Christopher . | ||
| 245 |
_aChristopher Marlowe: Five Plays / _cChristopher Marlowe. _hTextual Documents |
||
| 260 |
_aLondon : _bErnest Benn Ltd , _c1960. |
||
| 300 | _a344 ; . | ||
| 365 | _aRs 18.00 | ||
| 942 | _cBK | ||
| 999 |
_c4217 _d4217 |
||